| 000 | 01743nam0a22003371 4500 | ||
|---|---|---|---|
| 001 | RU\INFOCOMM_429\NLR\5000009082 | ||
| 005 | 20250614081204.0 | ||
| 035 | _a(NLR Aleph) 010631029 | ||
| 090 |
_a10635895 _c10635895 |
||
| 100 | _a20130329d1982 |||y0rusy50 ca | ||
| 101 | 0 |
_aeng _drus |
|
| 102 | _aRU | ||
| 105 | _ay z|||| | ||
| 200 | 1 |
_aStability and dynamical properties of solitons in the framework of two-field model of the classical field theory _eSubmitted to XXI Intern. conf. on high energy physics (Paris, July, 1982) _fS. S. Sautbekov, A. B. Shvachka |
|
| 210 |
_aДубна _cОбъед. ин-т ядер. исслед. _d1982 |
||
| 215 |
_a4 с. _cграф. _d22 см |
||
| 225 | 1 |
_aОбъединенный институт ядерных исследований, Дубна _vE2-82-413 |
|
| 300 | _aНа 3-й с. обл.: Устойчивость и динамические свойства солитонов в рамках двухполевой модели классической теории поля / Саутбеков С. С., Швачка А. Б. | ||
| 300 | _aРезюме на рус. яз. | ||
| 320 | _aБиблиогр.: с. 4 | ||
| 517 | 1 | _aУстойчивость и динамические свойства солитонов в рамках двухполевой модели классической теории поля | |
| 606 | 0 |
_aСолитоны (физ.) в классической теории поля _2nlr_sh1 |
|
| 686 |
_aВ315.5 _2rubbk |
||
| 700 | 1 |
_aSautbekov _bS. S. |
|
| 701 | 1 |
_aŠvačka _bA. B. _gAnatolij Borisovič |
|
| 801 | 1 |
_aRU _bInfocomm _c20130329 |
|
| 801 | 0 |
_aRU _bINFOCOMM _gPSBO |
|
| 852 |
_aNLR _jФз01 Д-6/223 |
||
| 942 | _cBOOK | ||
| 980 | _aNB | ||